书目信息 |
| 题名: |
文化的嬉戏与承诺
|
|
| 作者: | 王德胜 著 | |
| 分册: | ||
| 出版信息: | 郑州 河南人民出版社 1998.10 |
|
| 页数: | 269页 | |
| 开本: | 32开 | |
| 丛书名: | ||
| 单 册: | ||
| 中图分类: | C913.3 | |
| 科图分类: | ||
| 主题词: | 社会生活 , 社会问题 | |
| 电子资源: | ||
| ISBN: | 7-215-04205-7 | |
| 000 | 00571nam0 2200205 45 | |
| 001 | 0007281523 | |
| 005 | 20000728155104.9 | |
| 010 | @a7-215-04205-7@d12.00元 | |
| 100 | @a20000728d1998 km y0chiy0120 ea | |
| 101 | 0 | @achi |
| 105 | @a z 000yy | |
| 200 | 1 | @a文化的嬉戏与承诺@AWen Hua De Xi Xi Yu Cheng Nuo@f王德胜著@FWang De Sheng Zhu |
| 210 | @a郑州@c河南人民出版社@d1998.10 | |
| 215 | @a269页@d32开 | |
| 606 | 0 | @a社会生活 |
| 606 | 0 | @a社会问题 |
| 690 | @aC913.3@v3 | |
| 701 | 0 | @a王德胜@4著 |
| 801 | @aCN@bPftUser@c20000728 | |
| 905 | @b78326-330@dC913.3@eW780@f5 | |
| 文化的嬉戏与承诺/王德胜著.-郑州:河南人民出版社,1998.10 |
| 269页;32开 |
| ISBN 7-215-04205-7:12.00元 |
| ● |
| 相关链接 |
|
|
|
正题名:文化的嬉戏与承诺
索取号:C913.3/W780
 
预约/预借
| 序号 | 登录号 | 条形码 | 馆藏地/架位号 | 状态 | 备注 |
| 1 | 78326 | 200783269 | 社科库509/509社科库 62排2列5层/ [索取号:C913.3/W780] | 在馆 | |
| 2 | 78327 | 200783278 | 社科库509/509社科库 62排2列5层/ [索取号:C913.3/W780] | 在馆 | |
| 3 | 78328 | 200783287 | 社科库509/509社科库 62排2列5层/ [索取号:C913.3/W780] | 在馆 | |
| 4 | 78329 | 200783296 | 社科库509/509社科库 62排2列5层/ [索取号:C913.3/W780] | 在馆 | |
| 5 | 78330 | 200783303 | 社科库509/509社科库 62排2列5层/ [索取号:C913.3/W780] | 在馆 |